Oliver Twist (Record no. 4940)

000 -LEADER
fixed length control field 00277 a2200121 4500
020 ## - INTERNATIONAL STANDARD BOOK NUMBER
International Standard Book Number 014062046X
040 ## - CATALOGING SOURCE
Original cataloging agency DLC
Language of cataloging English
082 ## - DEWEY DECIMAL CLASSIFICATION NUMBER
Classification number 823.8
100 1# - MAIN ENTRY--PERSONAL NAME
Personal name Dickens, Charles.
245 10 - TITLE STATEMENT
Title Oliver Twist
Statement of responsibility, etc. Charles Dickens.
260 ## - PUBLICATION, DISTRIBUTION, ETC.
Name of publisher, distributor, etc. Penguin Books,
942 ## - ADDED ENTRY ELEMENTS (KOHA)
Koha item type Book
Call number prefix 823.8 DIC
Source of classification or shelving scheme
Holdings
Withdrawn status Lost status Damaged status Not for loan Collection code Permanent Location Current Location Shelving location Date acquired Source of acquisition Cost, normal purchase price Total Checkouts Total Renewals Full call number Barcode Checked out Date last seen Date last checked out Price effective from Koha item type
          Central Library (CL) Central Library (CL) General Stacks 06/13/2003 Allied Book Company 123.46 6 4 823.8 DIC SEECS003550 09/22/2021 02/11/2020 02/11/2020 01/05/2017 Book
          Central Library (CL) Central Library (CL) Children Section 04/16/2003 Saeed Book Bank 202.50 9 1 823.8 DIC SEECS003346   04/06/2026 09/17/2025 01/05/2017 Book
© 2023 Central Library, National University of Sciences and Technology. All Rights Reserved.